| 000 | 01412nam a2200241 a 4500 | ||
|---|---|---|---|
| 001 | ASIN1741798248 | ||
| 005 | 20170105102924.0 | ||
| 008 | 131210s2012 xxu eng d | ||
| 020 |
_a1741798248 (paperback) _c$24.99 |
||
| 020 | _a9781741798241 (paperback) | ||
| 040 | _a0 | ||
| 100 | 1 | _aDavenport, Fionn. | |
| 245 | 1 | 0 |
_aLonely planet ireland / _cFionn Davenport, Ryan Ver Berkmoes. |
| 250 | _a10th ed. | ||
| 260 |
_a[S.l.] : _bLonely Planet, _c2012. |
||
| 300 |
_a764 p. ; _c20 cm. |
||
| 490 | 1 | _aCountry travel guide. | |
| 520 | _a“A small country with a big reputation, helped along by a timeless, age-caressed landscape and a fascinating, friendly people, whose lyrical nature is expressed in the warmth of their welcome.” – Fionn Davenport, Lonely Planet Writer Our Promise You can trust our travel information because Lonely Planet authors visit the places we write about, each and every edition. We never accept freebies for positive coverage so you can rely on us to tell it like it is. Inside This Book… 5 authors 6 months of on-the-ground research 88 maps Countless pints of Guinness Inspirational photos Clear, easy-to-use maps Pull-out city map 3D plans of iconic sights Comprehensive planning tools Easy-to-read | ||
| 700 | _aBerkmoes, Ry | ||
| 830 | _aCountry travel | ||
| 856 |
_3Amazon.com _uhttp://www.amazon.com/exec/obidos/ASIN/1741798248/chopacon |
||
| 942 |
_2ddc _cBK |
||
| 999 |
_c15734 _d15734 |
||